MDQL
is popping MORE tags! Check the
thread
!
Quizzes
Events
Quiz Creation
Community
Videos
Private Events
Remove Ads
Sign In
Join for FREE
Feedback
Dark Mode
Quiz Categories
Sports
Geography
Music
Movies
Television
Just For Fun
Miscellaneous
History
Literature
Language
Science
Gaming
Entertainment
Religion
Holiday
For Kids
Quiz Lab
Recent
Popular Today
Quiz Kudos Today
Editor Picks
Curator Picks
Quizzes by...
Day
Popularity
Type
Ratings
Length
Year
Community
Subscriptions
Recent Discussions
Orange Saloon
Badges
Playlists
Quests
Create
Leaderboards
Showdown
Live 5
Trivia Bingo
Activity
Puzzle Library
Sporcle Events
Private Events
Virtual Trivia
Globe League
Become a Host
Pub Owners
SporcleCon
Opinionation
Our Games
Videos
Blog
Mobile Apps
Partnerships
Remove Ads and Go Orange
Feedback
Sports
Athletes
MLB
NBA
NHL
NFL
Soccer
Sports Teams
WWE
NCAA
Football
Premier League
Basketball
Baseball
Hockey
Golf
Tennis
Cricket
Rugby
Auto Racing
Olympics
World Cup
Sports
Athletes
MLB
NBA
NHL
NFL
Soccer
Sports Teams
WWE
NCAA
Football
Premier League
Basketball
Baseball
Hockey
Golf
Tennis
Cricket
Rugby
Auto Racing
Olympics
World Cup
Random Quiz
Search Sporcle
×
Quiz Lab
Quiz Lab
Sports
Basketball
Type in answers that appear in a list
Type in answers that appear in a list
Classic
Best Score? Go Orange.
Iowa State Men's Basketball wins versus top 25 Stats
Can you name the Iowa State Men's Basketball Vs top 25?
By
ISUICCCCfan
15m
70 Questions
190 Plays
190 Plays
190 Plays
Comments
Comments
Give Quiz Kudos
Give Quiz Kudos
-
- Ratings
hide this ad
Replay
Link that replays current quiz
Next Quiz
Link to next quiz in quiz playlist
You Got
0%
They Got
Avg Score
87%
Avg Friend Score
Upgrade to see
Score Distribution
Jump to the score distribution portion of the page
Score
0/70
Timer
15:00
0
Plays Today
Opponents rank/ location game was played
Team Beaten
% Correct
#20-
Kansas City, Missouri
Kansas
99.5%
#1-
AMES, IOWA
Kansas
99.5%
#4-
AMES, IOWA
Kansas
99.5%
#5-
AMES, IOWA
Kansas
99.5%
#18-
AMES, IOWA
Kansas
99.5%
#10-
AMES, IOWA
Kansas
99.5%
#10-
Kansas City, Missouri
Kansas
99.5%
#4-
AMES, IOWA
Kansas
99.5%
#15-
AMES, IOWA
Kansas
99.5%
#16-
AMES, IOWA
Kansas
99.5%
#3-
AMES, IOWA
Kansas
99.5%
#7-
AMES, IOWA
Kansas
99.5%
#3-
AMES, IOWA
Kansas
99.5%
#2-
Kansas City, Missouri
Kansas
99.5%
#5-
Kansas City, Missouri
Kansas
99.5%
#12-
AMES, IOWA
Kansas
99.5%
#24-
Lawerence , Kansas
Kansas
99.5%
#5-
Lawerence, Kansas
Kansas
99.5%
#6-
AMES, IOWA
Kansas
99.5%
#15-
AMES, IOWA
Kansas
99.5%
#2-
Lawerence, Kansas
Kansas
99.5%
#5-
AMES, IOWA
Kansas
99.5%
#20-
Norman, Oklahoma
Oklahoma
97.9%
#19-
Kansas City. Missouri
Oklahoma
97.9%
#14-
AMES, IOWA
Oklahoma
97.9%
#5-
AMES, IOWA
Oklahoma
97.9%
#12-
AMES, IOWA
Oklahoma
97.9%
#21-
AMES, IOWA
Oklahoma
97.9%
#21-
AMES, IOWA
Oklahoma
97.9%
#12-
AMES, IOWA
Oklahoma
97.9%
#21-
Kansas City, Missouri
Oklahoma
97.9%
#15-
AMES, IOWA
Oklahoma
97.9%
#13-
AMES, IOWA
Oklahoma
97.9%
#14-
AMES, IOWA
Texas
97.4%
#11-
AMES, IOWA
Texas
97.4%
Opponents rank/ location game was played
Team Beaten
% Correct
#20-
Austin, Texas
Texas
97.4%
#12-
AMES, IOWA
Kansas State
94.7%
#18-
AMES, IOWA
Kansas State
94.7%
#18-
Kansas City, Missouri
Kansas State
94.7%
#19-
AMES, IOWA
Kansas State
94.7%
#5-
Manhattan, Kansas
Kansas State
94.7%
#16-
AMES, IOWA
Iowa
93.7%
#12-
AMES, IOWA
Iowa
93.7%
#9-
AMES, IOWA
Baylor
88.9%
#13-
AMES, IOWA
Missouri
88.4%
#10-
AMES, IOWA
Missouri
88.4%
#15-
AMES, IOWA
Missouri
88.4%
#3-
AMES, IOWA
Missouri
88.4%
#6-
AMES, IOWA
Missouri
88.4%
#13-
Kansas City, Missouri
Missouri
88.4%
#17-
Kansas City, Missouri
Missouri
88.4%
#17-
AMES, IOWA
Missouri
88.4%
#20-
AMES, IOWA
Oklahoma State
87.9%
#12-
AMES, IOWA
Oklahoma State
87.9%
#2-
AMES, IOWA
Oklahoma State
87.9%
#10-
AMES, IOWA
Oklahoma State
87.9%
#13-
Kansas City, Missouri
Oklahoma State
87.9%
#5-
Minneapolis, Minnesota
Michigan
85.8%
#20-
AMES, IOWA
Texas Tech
84.7%
#8-
Bloomington, Indiana
Indiana
81.1%
#7-
AMES, IOWA
Colorado
68.4%
#18-
AMES, IOWA
Colorado
68.4%
#19-
AMES, IOWA
Colorado
68.4%
#25-
AMES, IOWA
Colorado
68.4%
#2-
West Lafeyette, Indiana
Purdue
62.6%
#19-
AMES, IOWA
Virginia
34.2%
#10-
Auburn Hills, Michigan
Cincinnati
32.6%
#23-
Maie, Hawaii
Mississippi
13.7%
#6-
Tucson, Arizona
Temple
9.5%
#8-
AMES, IOWA
Vanderbilt
8.9%
Quiz Playlist
Details
Report
Send in Message
Add To Playlist
Classic:
Type in answers that appear in a list
Last Updated: Feb 16, 2017
Quiz Scoreboard
CHALLENGE
Sign Up to Join the Scoreboard
Show All
Scores
Hide
Comments
May contain spoilers
Recently Published
Colored Red Africa Blitz
by spor1
Geography
30s
Find the 'City' Movie
by crazypaving
Movies
60s
5x2 Blitz: Bands
by SL_Kpop136
Music
30s
More to Explore
Quiz From the Vault
Featured Blog Post
14 Easter Pick-up Lines to Find Eggs With
hide this ad
You Might Also Like...
Tags
Basketball Quiz
State Quiz
Verse Quiz
beaten
Iowa
Iowa State
location
men
opponent
score
team
Win
Today's Top Quizzes in Sports
Browse Sports
hide this ad
Today's Top Quizzes in Basketball
Browse Basketball
Top Contributed Quizzes in Sports
1
Les entraîneurs de l'OM et du PSG au 21e siècle
2
Les meilleurs buteurs des matchs entre le PSG et l’OM
3
Les joueurs passés par le PSG et l'OM
4
Players with Multiple 50 Home Run Seasons
5
2022 World Cup Stars
6
Criteria MLB: Left Handed Sluggers
7
NBA Logic Puzzle 2.0
8
MLB Players with Two .350 Batting Average Seasons
9
Top 10 NHL Goal Scorers of All Time
10
Les joueurs passés par le LOSC et le RC Lens
Explore More
Trending Topics
Harry Potter
Kpop
Marvel
Crossword
NBA
Disney
Anime
Pokémon
The Office
NFL
Soccer
Puzzle
WWE
Song
Country
hide this ad
More By:
ISUICCCCfan
Quiz
Plays
Rating
Category
Featured
Created
Iowa State Football wins vs. top 25 teams
542
2.17
Sports
Dec 20, 2012
Iowa State Football Rivals
423
3.00
Sports
Feb 20, 2012
Best WWE wrestler by state
266
1.50
Sports
Nov 21, 2014
40 most matches in Survivor Series history
253
1.00
Sports
Nov 22, 2014
Iowa State men's basketball players in NBA
200
2.00
Sports
Jun 29, 2012
Go to Creator's Profile
Score Distribution
Quiz Creator Spotlight
ISUICCCCfan
Follow
Send a Message
Quizzes Created
-
Created Quiz Play Count
-
More By This Creator
Popular Quizzes Today
1
Colored Red Africa Blitz
2
Find the 'City' Movie
3
5x2 Blitz: Bands
4
Find the US States - No Outlines Minefield
5
The Countries of the World
6
Find the US States
7
US States
8
Find the Countries of Europe - No Outlines Minefield
More Sports Quizzes
Unique Letters: NHL Teams
Quiz Lab
Trending Quizzes
Colored Red Europe Blitz I
Colored Red Europe Blitz II
Colored Red Africa Blitz II
Colored Red Europe Blitz III
Colored Red Africa Blitz III
Recently Updated
How Do You Spell That?
pecheneg
Godzilla Movies
pecheneg
Grab Bag: 4-10 Letters
pecheneg
2024 March Madness Bracket
pecheneg
Famous TV Couples
Peacemaker
Champions League XIs: Real Madrid
pecheneg
Largest US Cities 1790-2010
pecheneg
Rides in Walt Disney World
pecheneg
Most Oscar Losses (Acting)
pecheneg
Beyoncé Albums
pecheneg
Trending Topics
Harry Potter
Anime
Crossword
NBA
Kpop
Marvel
Disney
WWE
Country
The Office
NFL
Song
Puzzle
Soccer
Pokémon
Your Account Isn't Verified!
In order to create a playlist on Sporcle, you need to verify the email address you used during registration. Go to your
Sporcle Settings
to finish the process.
Report this User
Report this user for behavior that violates our
Community Guidelines
.
Details:
Send Report
Go to the Sporcle.com Mobile Site →
Comments